Normal view
MARC view
- الحنبلي، تقي الدين أبي بكر بن زيد الجراعي ؛ تحقيق: طه الولي
Entry Personal Name
001 - CONTROL NUMBER
- control field: 13062
003 - CONTROL NUMBER IDENTIFIER
- control field: JO-AjAnu
005 - DATE AND TIME OF LATEST TRANSACTION
- control field: 20230606072406.0
008 - FIXED-LENGTH DATA ELEMENTS
- fixed length control field: 230606|| aca||aabn | a|a d
040 ## - CATALOGING SOURCE
- Original cataloging agency: JO-AjAnu
- Transcribing agency: JO-AjAnu
100 ## - HEADING--PERSONAL NAME
- Personal name: الحنبلي، تقي الدين أبي بكر بن زيد الجراعي ؛ تحقيق: طه الولي
670 ## - SOURCE DATA FOUND
- Source citation: Work cat.: (JO-AjAnu)6721: الحنبلي، تقي الدين أبي بكر بن زيد الجراعي ؛ تحقيق: طه الولي, author, تحفة الراكع والساجد في أحكام المساجد